00698nam a2200241 a 4500001001300000003000900013005001700022008004100039020002200080082002000102100001900122245005000141260003900191300000900230500003500239505001000274650002100284700001900305902000800324942000700332952010000339999001700439nice12345678IN_TiNIC20260116013234.0050524s1988 dela grp 000 0 eng  a8120815 c4500a305.40954bSHA2 aSharma, Arvind aSatib Historical and Phenomenological Essays aDelhi bMotilal Banarsidass c1988 a129p aincludes index and biblioraphy2 aIndex aWomen-India-Sati1 aSharma, Arvind bSRS cBK 00104070aHMIbHMId2007-03-21g45.00l0o305.40954 SHA2p015885r2007-03-21w2026-01-16yEB c10241d10241